[Event "Titled Tuesday intern op 12th Sep Early"]
[Site "Chess.com INT"]
[Date "2023.09.12"]
[Round "6"]
[White "Michelle, Ralotsia Lame"]
[Black "Thomas, Anysia"]
[Result "1-0"]
[WhiteElo "2195"]
[BlackElo "2167"]
[PlyCount "45"]
[EventDate "2023.09.12"]
[EventType "swiss (blitz)"]
[EventRounds "11"]
[EventCountry "USA"]
[SourceTitle "EXT 2024"]
[Source "ChessBase"]
[SourceDate "2023.10.10"]
[SourceVersion "1"]
[SourceVersionDate "2023.10.10"]
[SourceQuality "1"]

1. d4 Nf6 2. Nc3 d5 3. Bf4 g6 4. Qd2 Bg7 5. h4 Ne4 6. Nxe4 dxe4 7. 0-0-0 c6 8. h5 Be6 9. Kb1 Qd5 10. b3 gxh5 11. e3 b5 12. f3 exf3 13. gxf3 a5 14. e4 Qd8 15. Rxh5 Nd7 16. d5 Nf6 17. Rg5 cxd5 18. Rxg7 dxe4 19. Bxb5+ Kf8 20. Bh6 Qxd2 21. Rxd2 Ng8 22. Rxg8+ Kxg8 23. Rg2+ 1-0